Statistiken für Die Brück' am Tay - Ballade Theodor Fontane

Klicken Sie hier um das Quiz zu spielen!

Allgemein

  • Dieses Quiz wurde 7 mal gespielt
  • Das Durchschnittsergebnis liegt bei 133 aus 377

Antwortstatistiken

Antwort% Korrekt
"Am
80%
am
80%
"Ich
80%
ich
80%
ich
80%
"Ich
80%
"Ich
80%
mit."
80%
"Und
80%
"Und
80%
am
60%
am
60%
am
60%
Am
60%
Am
60%
Brück';
60%
Brückendamm."
60%
das
60%
das
60%
das
60%
das
60%
das
60%
Das
60%
Das
60%
das
60%
den
60%
den
60%
den
60%
die
60%
die
60%
drei
60%
er
60%
er
60%
er
60%
"Hei,
60%
ich
60%
"ich
60%
ich
60%
"Ich
60%
"Ich
60%
Ich,
60%
Ich
60%
"Ich
60%
"Ich
60%
"Ich
60%
ich
60%
ich
60%
komme
60%
mit
60%
mit
60%
Mit
60%
mit."
60%
mit."
60%
mit."
60%
treffen
60%
Um
60%
"Und
60%
Und
60%
Und
60%
und
60%
und
60%
und
60%
Und
60%
Und
60%
Und
60%
und
60%
Und
60%
Und
60%
und
60%
und
60%
und
60%
und
60%
Und
60%
Und
60%
Und
60%
Und
60%
Und
60%
und
60%
Und
60%
"Und
60%
"Und
60%
Und
60%
"Und
60%
Und
60%
von
60%
"Wann
60%
wieder
60%
wir
60%
zu;
60%
zu,
60%
zusamm'?"
60%
Aber
40%
all
40%
all
40%
als
40%
aus,
40%
aus,
40%
Brücke
40%
Brücke
40%
Brücke
40%
dem
40%
dem
40%
dem
40%
Denn
40%
der
40%
der
40%
der
40%
der
40%
Der
40%
der
40%
der
40%
der
40%
der
40%
der
40%
die
40%
die
40%
die
40%
"Die
40%
die
40%
die
40%
die
40%
Die
40%
die
40%
die
40%
die
40%
drei
40%
"Ei
40%
es
40%
es
40%
es,
40%
es
40%
es
40%
Flamm'."
40%
Gebilde
40%
Gebilde
40%
"Hei!
40%
her."
40%
ist,
40%
ist
40%
Ist
40%
ist
40%
ist
40%
Ist
40%
jetzt
40%
jetzt:
40%
jetzt,
40%
Johnie
40%
Johnie
40%
komme,
40%
komme."
40%
komme"
40%
Meer."
40%
Menschenhand."
40%
Menschenhand."
40%
Mittelpfeiler."
40%
MItternacht,
40%
Mutter,
40%
Norden
40%
Nun
40%
Qual."
40%
siebente
40%
Stund',
40%
Süden."
40%
"Tand,
40%
Tand,
40%
Tand,
40%
"Tand,
40%
treffen
40%
Um
40%
"Um
40%
vom
40%
vom
40%
von
40%
von
40%
von
40%
"Wann
40%
was
40%
was
40%
Wie
40%
Wie
40%
wie
40%
wieder
40%
wieder
40%
wir
40%
Wir
40%
wir
40%
zum
40%
zusamm'?"
40%
alle
20%
Alle
20%
alles
20%
alten
20%
An
20%
an
20%
an
20%
anderen
20%
auch
20%
Auf
20%
"Auf
20%
Auf
20%
Bangen
20%
Bangen
20%
bangen
20%
Baum,
20%
Baume
20%
Bergeskamm."
20%
bleiben
20%
brach
20%
Brückenhaus -
20%
Brückenhaus -
20%
Brückner
20%
Brücknersleut'
20%
Brücknersleut',
20%
Christ,
20%
Christfestnacht
20%
Dampf,
20%
denk
20%
doch.
20%
doppelter
20%
drüben
20%
Edinburger
20%
ein
20%
ein
20%
ein
20%
Ein
20%
einen
20%
Element."
20%
elend
20%
elf
20%
entzwei."
20%
Erglüht
20%
Erlenstamm."
20%
euch
20%
Fährhaus
20%
Fenster
20%
Fenster
20%
Fenster
20%
fester
20%
Feuer
20%
fiel',
20%
früher
20%
Gebälk
20%
gegen
20%
gibt
20%
Grund
20%
Hab
20%
heiligen
20%
herein."
20%
heuer
20%
Himmel
20%
hin
20%
hinein."
20%
hohen
20%
im
20%
in
20%
in
20%
in
20%
in
20%
in
20%
in
20%
in
20%
Jammer
20%
Kampf,
20%
Kessel,
20%
Keucht
20%
kommt
20%
konnte
20%
kriegen
20%
lache,
20%
Licht
20%
lichten
20%
Lichtern
20%
liebe
20%
lösche
20%
manche
20%
Minuten
20%
Moor,
20%
"Muß
20%
muß
20%
muß
20%
muß
20%
nach
20%
nach
20%
nach
20%
nach
20%
Nacht.
20%
Nacht
20%
Namen."
20%
nenn
20%
nicht
20%
nicht
20%
niederschießender
20%
noch!
20%
noch
20%
Norderseite,
20%
Norderseite,
20%
Not
20%
ob
20%
ob
20%
ohne
20%
ohne
20%
Pracht
20%
Rast
20%
Rast
20%
rast
20%
rennt,
20%
Ringelreihn,
20%
ringt
20%
Ruh
20%
Ruh
20%
sah
20%
Schein
20%
Schein,
20%
Schifferboot;
20%
seh
20%
sehen
20%
sehen
20%
sehen
20%
sehen
20%
Sehen
20%
sein."
20%
sein, -
20%
sein.
20%
seinen
20%
siebente
20%
Sieger
20%
solchem
20%
Spiel,
20%
Splitter
20%
spricht,
20%
spricht:
20%
Stolz
20%
Stund'?"
20%
Sturm,
20%
Sturmesflug,
20%
Süden
20%
Süden
20%
Süden
20%
Süden
20%
Süderturm
20%
Traum,
20%
tritt
20%
trotz
20%
tut
20%
Überm
20%
Übers
20%
Ufer.
20%
uns
20%
Unser
20%
unser
20%
unsre
20%
unsrer
20%
unten...
20%
unter:
20%
vom
20%
vorbei
20%
war
20%
warten,
20%
Wasser
20%
Wasser
20%
weg
20%
wie's
20%
will
20%
will
20%
Winde
20%
wurde
20%
wütender
20%
Zahl."
20%
zählte,
20%
Zug,
20%
Zug."
20%
Zug.
20%
zugebracht,
20%
Zünd'
20%
zurück,
20%
zweimal
20%
zwingen
20%

Verteilung der Resultate

Perzentil nach korrekt beantworteten Fragen

Anzahl Personen mit jedem Resultat

Ihre Resultats-Entwicklung

Sie haben dieses Quiz noch nicht gespielt